Famous Celebrities - Statistics

General Stats
  • This quiz has been taken 252 times
  • The average score is 6 of 11
Answer Stats
Questions Names % Correct
Played Hermione in Harry Potter Emma Watson
94%
he is from Canada Justin Bieber
80%
The first member that resigned from One Direction Zayn Malik
79%
was popular by his song "lazy song" bruno mars
74%
Dated the above ^ (ex) Selena Gomez
73%
talented woman with "price tag" song Jessie J
59%
being a dubber of branch in "trolls" movie Justin Timberlake
44%
she won grammy awards 2016 as "album of the year" Adele
39%
she never had a short hair ariana grande
23%
beautiful woman played in cinderella movie as cinderella lily james
23%
as a beast in beauty and the beast movie (2017) dan stevens
11%
No matching quizzes found
Score Distribution
Percent of People with Each Score
Percentile by Number Answered
Your Score History
You have not taken this quiz